=LDR 00000nam 2200000 4500 =001 001145 =005 20250714093937 =035 ##$$a 0010-0725001029 =007 ta =008 250714################a##########0#ind## =020 ##$$a 978-602-437-300-9 =082 ##$$a 398.209 598 =084 ##$$a 398.209 598 DIA l =100 #$$a Dian arsa =245 1#$$a Lamang tapai /$c Dian arsa =250 ##$$a Cetakan ketiga =260 ##$$a Rawamangun :$b Badan pengembangan dan pembinaan bahasa,$c 2017 =300 ##$$a 50hlm. : $b Ilus. ; $c 21cm =650 #4$$a Menu hidangan